Iconic Album Covers: Rap - Statistics

General Stats
  • This quiz has been taken 261 times
    81 since last reset
  • The average score is 16 of 30
Answer Stats
Picture Answer % Correct
Graduation
90%
Astroworld
88%
Damn.
86%
The College Dropout
79%
The Carter III
78%
Good Kid, m.A.A.d City
72%
All Eyez on Me
71%
Illmatic
67%
My Beautiful Dark Twisted Fantasy
65%
Take Care
64%
Doggstyle
61%
The Miseducation of Lauryn Hill
61%
Get Rich or Die Trying
60%
The Blueprint
60%
Straight Outta Compton
56%
Enter the Wu-Tang (36 Chambers)
53%
The Chronic
51%
Ready to Die
47%
The Marshall Mathers LP
47%
Stankonia
44%
The Slim Shady LP
44%
Invasion of Privacy
43%
Pink Friday
36%
Life After Death
35%
The Low End Theory
35%
The Score
15%
Licensed to Ill
14%
Paid in Full
14%
Fear of a Black Planet
10%
Raising Hell
4%
No matching quizzes found
Score Distribution
Percent of People with Each Score
Percentile by Number Answered
Your Score History
You have not taken this quiz since the last reset